000 nam a22 7a 4500
999 _c10479
_d10479
008 180217b ||||| |||| 00| 0 eng d
100 _aGoel,S.
_96399
245 _aClick and Learn Computer-8
260 _aMeerut
_bHall Mark